| 000 | 00470nam a2200169Ia 4500 | ||
|---|---|---|---|
| 005 | 20250423101344.0 | ||
| 008 | 250422s9999 xx 000 0 und d | ||
| 020 | _a0- 87477- 726- 7 | ||
| 050 | _aHD 31 .N4542/ | ||
| 100 | _aMichael Ray | ||
| 245 | 4 | _aThe new paradigm in business: emerging strategies for leadership and organizational change | |
| 260 | _bG.P. Putnam's sons | ||
| 260 | _c1993 | ||
| 300 | _a298 p | ||
| 650 | _aIndustrial management | ||
| 942 | _cBK | ||
| 999 |
_c36064 _d36064 |
||